000 00690naa a2200229 i 4500
001 75689
003 ES-MaBCM
005 20241016120310.0
008 010618s2001 esp 000 0 spa d
021 _axx
035 _a(OCoLC)1365214261
040 _cES-MaBCM
041 0 _aspa
043 _aesp
100 1 _aEspinoza Guerra, Luis Enrique
_914464
245 1 0 _aCiudad y medio ambiente
_b: la Agenda 21 Local
_cLuis Enrique Espinoza Guerra
650 2 7 _aDesarrollo económico
_958375
650 2 7 _aProtección del medio ambiente
_959954
650 2 7 _aCiudad
_957920
773 0 _aEn:
_tSistema
_dMadrid : 2001
_w104699
_gn. 162-163, jun., p. 219-231. - Loc. S.56
942 _cAREV
999 _c75689
_d75689